Responses for Show #3932 - Tuesday, October 9, 2001

(Sofia: I'm Sofia of the Clue Crew. You don't have to be a rocket scientist to be on Jeopardy!, but you do if you want to work here. Jeopardy!'s next.)

Contestants

[<< previous game]

Andrea Yanes, a high school biology teacher from Brookline, Massachusetts

George Evanko, a public relations executive from Washington, D.C.

Rod Sanders, a master control operator from Corpus Christi, Texas (whose 4-day cash winnings total $31,400)

[next game >>]

Jeopardy! Round responses

JPL
(Alex: Jet Propulsion Laboratory.)
"NEW" GEOGRAPHY
TOP 40 DEBUTS
1946
(Alex: You're all too young to remember it!)
HAVE FUN
SOME CHOICE 4-LETTER WORDS
    $100 26
Mars

Rod
    $100 17
New Mexico

Rod
    $100 6
Billy Joel

Rod
    $100 11
United Nations

Andrea
    $100 12
dancing

Andrea
    $100 1
Bush

Rod
    $200 27
Pluto

Rod
    $200 18
New Zealand

Rod
    $200 7
David Bowie

Rod
    $200 22
(George: What is the Queen Elizabeth?)

the Queen Mary

George
Triple Stumper
    $200 13
merry

George
    $200 2
Dawn

George
    $300 28
absolute zero

Rod
    $300 19
New Amsterdam

Rod
    $300 8
(Rod: Who is... uh...)

Barry Manilow

RodAndrea
    $300 23
Eleanor Roosevelt

George
    $300 14
horse

Andrea
    $300 3
Fame

Rod
    $400 29
NASA

George
    $400 20
New Hampshire

George
    $400 9
Elton John

George
    $400 24
Joseph Stalin

Andrea
    $400 15
gamble/gambol

Rod
    $400 4
pool

George
    $500 30
(George: What is an asteroid?)

comet

GeorgeAndrea
    $500 21
New Haven

Rod
    $500 10
(Andrea: Who is Donna Summers?)
...
(Alex: No "S".)

Donna Summer

GeorgeAndrea
    $300 25
(Alex: And we have a minute to deal with the Jet Propulsion Lab.)

Juan Peron

Andrea
    $500 16
(Andrea: What is fanciful?)
(Rod: What is fancy free?)

fantasy

RodAndrea
Triple Stumper
    $500 5
cram

Andrea

Scores at the first commercial break (after clue 16):

Rod George Andrea
$300 $1,700 $300

Scores at the end of the Jeopardy! Round:

Rod George Andrea
$2,000 $2,100 $1,500

Double Jeopardy! Round responses

McGRAW-HILL
LITTLE BROWN
(Alex: Hey, a publishing feast!)
OXFORD
FACTS ON FILE
POMEGRANATE PRESS
RANDOM HOUSES
    $200 15
Tug McGraw

George
    $200 7
bats

Rod
    $200 13
(Andrea: What is out?)
(George: What is south?)

down

GeorgeAndrea
Triple Stumper
    $200 2
South Pole

Rod
    $200 22
(George: What is the Hope Diamond?)

garnet

George
Triple Stumper
    $200 1
lodge

Rod
    $400 16
Louisiana

Rod
    $400 8
(bear) cub

Rod
    $400 14
(Rod: What is an honorary doctorate?)

honorary degree

Rod
    $400 3
biplanes

Rod
    $400 23
(Alex: Minute to go.)

Hades

Rod
    $400 12
(Andrea: What is a bay?)

bungalow

Andrea
Triple Stumper
    $600 25
Breathe

George
    $600 9
(Alex: Where I spent many wonderful years!)

nuthatch

Triple Stumper
    $600 20
Oxbridge (Oxford & Cambridge)

Andrea
    $600 4
Sir Isaac Newton

Triple Stumper
    $1,200 24
(Rod: What is molasses?)
...
(Alex: Go to a restaurant, order a Shirley Temple, put a little [*] along with ginger ale or 7 Up.)

grenadine

Rod
    $600 17
cottage

Rod
    $800 26
(Andrea: What is combust... combustion... [*]?)

"Spontaneous Combustion"

Andrea
    $800 10
vole

Andrea
    $800 21
punt

Rod
    $800 5
Cape Town

Rod
    $800 27
(Rod: Who is Donatello?)
...
[The end-of-round signal sounds.]

Sandro Botticelli

RodAndrea
    $1,400 18
palace

Rod
    $1000 11
shrew

Triple Stumper
    $1000 6
the Speedwell

Triple Stumper
    $1000 19
Teahouse

George

Scores at the end of the Double Jeopardy! Round:

Rod George Andrea
$6,200 $3,500 $3,900

[wagering suggestions for these scores]

Final Jeopardy! Round responses

WOMEN AUTHORS
GeorgeWho is Margaret Mitchell?
$3,500
AndreaWho is Margaret Mitchell?
$3,000
RodWho is Agatha Christie?
$1,700
Margaret Mitchell ("Gone with the Wind")

Final scores:

Rod George Andrea
$4,500 $7,000 $6,900
3rd place: a trip to Eden Roc Resort, Miami Beach New champion: $7,000 2nd place: a trip to St. James's Club, Antigua

Game dynamics:

Coryat scores:

Rod George Andrea
$6,800 $3,500 $4,100
24 R
(including 1 DD),
4 W
(including 1 DD)
11 R,
4 W
12 R
(including 1 DD),
4 W

Combined Coryat: $14,400

[game clues] [game scores] [suggest correction]

Game tape date: 2001-08-21
The J! Archive is created by fans, for fans. Scraping, republication, monetization, and malicious use prohibited; this site may use cookies and collect identifying information. See terms. The Jeopardy! game show and all elements thereof, including but not limited to copyright and trademark thereto, are the property of Jeopardy Productions, Inc. and are protected under law. This website is not affiliated with, sponsored by, or operated by Jeopardy Productions, Inc. Join the discussion at JBoard.tv.